Rudolf Steiner zu Individuum und Rasse: sein Engagement gegen Rassismus und Nationalismus

Saved in:  
Bibliographic Details
Main Author: Werner, Uwe 1948- (Author)
Format: Print Book
Language:German
Subito Delivery Service: Order now.
Check availability: HBZ Gateway
WorldCat: WorldCat
Interlibrary Loan:Interlibrary Loan for the Fachinformationsdienste (Specialized Information Services in Germany)
Published: Dornach Verl. am Goetheanum 2011
In:Year: 2011
Standardized Subjects / Keyword chains:B Steiner, Rudolf 1861-1925 / Human image / Racism / Nationalism
B Steiner, Rudolf 1861-1925 / Race / Human image / Anthroposophy
B Anthroposophy / Reception / National Socialism
Online Access: Contents

MARC

LEADER 00000cam a2200000 c 4500
001 1608369587
003 DE-627
005 20250320000436.0
007 tu
008 110228s2011 xx ||||| 00| ||ger c
015 |a 11,N03  |2 dnb 
016 7 |a 1009542060  |2 DE-101 
020 |a 9783723514207  |c Kart. : ca. EUR 13.00 (DE), ca. sfr 20.00 (freier Pr.)  |9 978-3-7235-1420-7 
024 3 |a 9783723514207 
024 8 |a Best.-Nr.  |q Best.-Nr. 
035 |a (DE-627)1608369587 
035 |a (DE-576)338041265 
035 |a (DE-599)DNB1009542060 
035 |a (OCoLC)707201500 
040 |a DE-627  |b ger  |c DE-627  |e rakwb 
041 |a ger 
082 0 4 |a 290 
100 1 |8 1\p  |0 (DE-588)124530125  |0 (DE-627)363400362  |0 (DE-576)294216847  |4 aut  |a Werner, Uwe  |d 1948- 
109 |a Werner, Uwe 1948-  |a Werner, U. 1948- 
245 1 0 |a Rudolf Steiner zu Individuum und Rasse  |b sein Engagement gegen Rassismus und Nationalismus  |c Uwe Werner 
263 |a Erscheint: 13. Januar 2011 
264 1 |a Dornach  |b Verl. am Goetheanum  |c 2011 
300 |a 152 S.  |c 178 mm x 118 mm 
336 |a Text  |b txt  |2 rdacontent 
337 |a ohne Hilfsmittel zu benutzen  |b n  |2 rdamedia 
338 |a Band  |b nc  |2 rdacarrier 
601 |a Individuum 
601 |a Engagement 
689 0 0 |d p  |0 (DE-588)118617443  |0 (DE-627)133368343  |0 (DE-576)163181322  |2 gnd  |a Steiner, Rudolf  |d 1861-1925 
689 0 1 |d s  |0 (DE-588)4074722-0  |0 (DE-627)106088572  |0 (DE-576)209195061  |2 gnd  |a Menschenbild 
689 0 2 |d s  |0 (DE-588)4076527-1  |0 (DE-627)10445184X  |0 (DE-576)209202130  |2 gnd  |a Rassismus 
689 0 3 |d s  |0 (DE-588)4041300-7  |0 (DE-627)106219758  |0 (DE-576)209044373  |2 gnd  |a Nationalismus 
689 0 |5 DE-101 
689 1 0 |d p  |0 (DE-588)118617443  |0 (DE-627)133368343  |0 (DE-576)163181322  |2 gnd  |a Steiner, Rudolf  |d 1861-1925 
689 1 1 |d s  |0 (DE-588)4048440-3  |0 (DE-627)106190709  |0 (DE-576)209077867  |2 gnd  |a Rasse 
689 1 2 |d s  |0 (DE-588)4074722-0  |0 (DE-627)106088572  |0 (DE-576)209195061  |2 gnd  |a Menschenbild 
689 1 3 |d s  |0 (DE-588)4002237-7  |0 (DE-627)106394096  |0 (DE-576)208846220  |2 gnd  |a Anthroposophie 
689 1 |5 (DE-627) 
689 2 0 |d s  |0 (DE-588)4002237-7  |0 (DE-627)106394096  |0 (DE-576)208846220  |2 gnd  |a Anthroposophie 
689 2 1 |d s  |0 (DE-588)4049716-1  |0 (DE-627)104675152  |0 (DE-576)209083182  |2 gnd  |a Rezeption 
689 2 2 |d s  |0 (DE-588)4041316-0  |0 (DE-627)106219685  |0 (DE-576)209044454  |2 gnd  |a Nationalsozialismus 
689 2 |5 (DE-627) 
856 4 2 |u http://deposit.dnb.de/cgi-bin/dokserv?id=3652644&prov=M&dok_var=1&dok_ext=htm  |m X:MVB  |q text/html  |3 Inhaltstext  |7 1 
883 |8 1\p  |a cgwrk  |d 20250301  |q DE-101  |u https://d-nb.info/provenance/plan#cgwrk 
935 |a mteo 
951 |a BO 
ELC |b 1 
ORI |a SA-MARC-ixtheo_oa001.raw 
REF |a Völkische Bewegung 
REL |a 1 
STA 0 0 |a Anthroposophy,Human image,Image of man,Image of human being,National Socialism,National Socialism,Nationalsozialismus,National socialism in literature,Nationalism,Nationalism in literature,Nationalism in art,Race,Human being,Race,Racism,Racism,Racism in literature,Reception,Reception,Impact,Afterlife 
STB 0 0 |a Anthroposophie,Image de l’être humain,National-socialisme,National-socialisme,Nazisme,Nazisme,Nazisme (motif),Nazisme,Nationalisme,Race,Race,Racisme,Racisme,Réception <scientifique>,Réception <scientifique>,Influence intellectuelle,Influence intellectuelle,Influence intellectuelle (motif),Influence intellectuelle 
STC 0 0 |a Antroposofía,Imagen del ser humano,Nacionalismo,Nacionalsocialismo,Nacionalsocialismo,Racismo,Racismo,Raza,Raza,Recepción,Recepción 
STD 0 0 |a Antroposofia,Immagine dell'essere umano,Nazionalismo,Nazionalsocialismo <motivo>,Nazionalsocialismo,Nazismo,Nazismo,Nazismo (motivo),Nazismo,Razza,Razza,Razzismo,Razzismo,Ricezione,Ricezione 
STE 0 0 |a 人智学,人的形象,接受,接收,民族主义,国民主义,国族主义,种族主义,纳粹主义,纳粹主义,国家社会主义,国家民族社会主义,国家社会主义,国家民族社会主义 
STF 0 0 |a 人智學,人的形象,品種,接受,接收,民族主義,國民主義,國族主義,種族主義,納粹主義,納粹主義,國家社會主義,國家民族社會主義,國家社會主義,國家民族社會主義 
STG 0 0 |a Antroposofia,Imagem do ser humano,Nacional-socialismo,Nacional-socialismo,Nacionalismo,Racismo,Racismo,Raça,Raça,Recepção,Recepção 
STH 0 0 |a Антропософия,Восприятие (мотив),Восприятие,Изображение человека,Национализм,Национальный социализм (мотив),Национальный социализм,Раса (мотив),Раса,Расизм (мотив),Расизм 
STI 0 0 |a Ανθρωποσοφία,Αποδοχή (μοτίβο),Αποδοχή,Εθνικισμός,Εθνικοσοσιαλισμός <μοτίβο>,Εθνικοσοσιαλισμός,Ναζισμός,Ναζισμός (μοτίβο),Εικόνα του ανθρώπου,Ράτσα <μοτίβο>,Ράτσα,Φυλή,Φυλή (μοτίβο),Ρατσισμός (μοτίβο),Ρατσισμός 
SUB |a REL 
SYG 0 0 |a Steiner, Rudolf Joseph Lorenz,1861-1925,Steiner, Rudolph,1861-1925,Šteiners, Rūdolfs,1861-1925,Šteineris, Rudolfas,1861-1925,Štejner, Rudol'f,1861-1925,Stainer, Runtolph,1861-1925,Staïner, Runtolph,1861-1925,Štaineri, Rudolp,1861-1925,Štajner, Rudol'f,1861-1925,Štajner, Rudolf,1861-1925,Štāinir, Rūdūlf,1861-1925,Shteiner, Rudol'f,1861-1925,Shtainer, Rudol'f,1861-1925,Shutaina, Rudorufu,1861-1925,Shutainā, Rūdorufu,1861-1925,Shutainā,1861-1925,Ištāynir, Rūdulf,1861-1925,Steiner, Rudolf Joseph Lorenz,1861-1925 , Concept of man,Anthropomorphism,Idea of man , Rassenideologie,Rassenwahn,Rassenvorurteil,Rassifizierung , Pannationalismus , Steiner, Rudolf Joseph Lorenz,1861-1925,Steiner, Rudolph,1861-1925,Šteiners, Rūdolfs,1861-1925,Šteineris, Rudolfas,1861-1925,Štejner, Rudol'f,1861-1925,Stainer, Runtolph,1861-1925,Staïner, Runtolph,1861-1925,Štaineri, Rudolp,1861-1925,Štajner, Rudol'f,1861-1925,Štajner, Rudolf,1861-1925,Štāinir, Rūdūlf,1861-1925,Shteiner, Rudol'f,1861-1925,Shtainer, Rudol'f,1861-1925,Shutaina, Rudorufu,1861-1925,Shutainā, Rūdorufu,1861-1925,Shutainā,1861-1925,Ištāynir, Rūdulf,1861-1925,Steiner, Rudolf Joseph Lorenz,1861-1925 , Rassifizierung,Race,Rassen,Menschenrasse,Mensch,Menschenrassen,Rassifizierung , Concept of man,Anthropomorphism,Idea of man , Geheimwissenschaft,Geisteswissenschaft , Geheimwissenschaft,Geisteswissenschaft , Fortwirken,Nachwirkung,Nachleben,Wirkungsgeschichte,Aneignung , Faschismus,NS,NS 
TIM |a 100019190101_100019451231  |b Nationalsozialismus 1919-1945